00648nam a22001937a 450000500170000001000150001702000260003203500130005803700130007108200130008410000160009724501480011325000120026126000430027327000730031630000270038950000200041670000180043620150622142943.0 aENG-112871 c450.00a9789350351574 aEN-96403 bDBAD/PUB a344.5401 aKumar, H.L. aLabour problems & remedies :cby H.L.Kumar [and] Gaurav Kumarba ready referencer to handle day-to-day labour problems based on decided cases / a10th ed a DelhibUniversal Law Publishingc2012 aC-FF-1A, Dilkhush Industrial Estate, G.T Karnal Road,bDelhie110033 alxvii,343p.c24cm(pbk) aIncludes index  a Gaurav Kumar